000 00318 a2200145 4500
001 153447
040 _cEscola São Tomás de Aquino
100 _aMACHADO, Ana Maria
240 1 0 _aA outra face
_lpor
245 1 0 _aA outra face
362 0 _a2006
440 1 _aÁtica
697 _a*LITERATURA JUVENIL
942 _cBK
999 _c153447
_d153447